000 01753cam a2200241 4500
001 ABS65408
008 020426n2002 000 0 eng u
035 _a(Sirsi) u117711
100 _aRoberts, N
245 _aTwo cheers for commonhold
260 _c2002
490 _aNew Law Journal
_v152(7022) 8 March 2002, 338-340(3)
520 _aOutlines the key provisions of the Commonhold and Leasehold Reform Bill, discussing the two distinct parts of the bill. Part 1 enacts commonhold tenure and may eventually replace the leasehold system for flats. Looks at the legislative history of commonhold and illustrates how a commonhold block of flats differs from a leasehold development. Commonhold is defined as a freehold with certain characteristics: owners of 'commonhold units' automatically become members of the 'commonhold association' (ChA) which will own the common parts; a 'Commonhold Community Statement' (CCS) regulates the units; and the ChA will decide the total 'commonhold assessment', the new service charge. Investigates each of these characteristics and explores how commonhold disputes will get resolved. Part 2 of the bill proposes substantial leasehold reforms in the meantime. Outlines proposals for the reform of collective enfranchisement, lease extensions, enfranchisement of leasehold houses, right to manage, services charges, variation of leases, the role of Leasehold Valuation Tribunals (LVTs) and forefeiture.
590 _aABS
650 _aCOMMONHOLD AND LEASEHOLD REFORM BILL
650 _aLEASEHOLD REFORM
650 _aCOMMONHOLD
650 _aENFRANCHISEMENT
650 _aSERVICE CHARGES
650 _aLEASEHOLD VALUATION TRIBUNALS
690 _aLANDLORD AND TENANT-LEASEHOLD REFORM
942 _n0
999 _c70095
_d70095